000 00737nam a2200193 a 4500
001 000037204
005 20211129112640.0
008 120301s1971 mx a 000 0 spa d
040 _aDO-SdBNP
_bspa
_cBNPHU
082 _axxxx
_bE38
245 0 0 _aManuales delmar de electricidad y electrónica /
_ctraducción Ramón Palazón.
260 _aMéxico :
_bDiana,
_c1971.
300 _av :
_bils ;
_c26 cm.
500 _aLa biblioteca posee el volumen 3-4
505 0 _gvol.4
_tElectricidad; información relacionada --
_gvol. 3
_tElectricidad; información relacionada
700 1 _aPalazón, Ramón,
_etr
_941247
710 2 _aCentro Regional de Ayuda Técnica
_949164
710 1 _a United States.
_b Agency for International Development
_958056
999 _c36694
_d36694